000 00772nam a22002657a 4500
001 000371
003 DO-SdBNP
005 20180206085221.0
007 000371
008 160707b 2001 sp ||||| |||| 00| 0 spa d
020 _a8466201157
040 _aBPMSU
_bspa
_cBPMSU
100 1 _aVerne, Jules,
_d1828-1905
240 1 0 _aVingt mille lieues sous les mers.
_lEspañol
245 1 0 _a20.000 leguas de viaje submarino /
_cJulio Verne.
246 _aVeinte mil leguas de viaje submarino
250 _a2ª reimp.
260 _aAlcobendas (Madrid) :
_bLibsa,
_c 2001.
300 _a313 p. ;
_c19 cm.
490 1 _aIsla misteriosa
830 0 _pIsla misteriosa
942 _2ddc
_cBK
945 _aInventariado, 2018 /LP
956 _aLOPEREZ
_b10
_c20160707
_hBPMSU
999 _c10754
_d10754